000 00493nam a2200193Ia 4500
005 20221205112950.0
008 131103s9999 xx 000 0 und d
040 _aLoreto College
041 _aEnglish
082 _a821.91
_bFRI
100 _aFriend-Pereira, F. J.
245 _aMind's mirror
_cF. J. Friend-Pereira
260 _aRanchi
_bCatholic Press
_c1940
300 _a83p.
650 _aEnglish literature
651 _aEnglish poetry - sacred
850 _aLCLIB
942 _cBK
999 _c21599
_d72078